| 000 | 00688nam a2200217 a 4500 | ||
|---|---|---|---|
| 001 | 3554 | ||
| 005 | 20140414132027.0 | ||
| 008 | 040113s19uu xx 00 eng d | ||
| 020 | _a089565-285-4 | ||
| 050 |
_aTR _bM66 1984 |
||
| 100 | _aMoncure, Jane Belk | ||
| 245 |
_aMy "l" book / _cJane Belk Moncure. |
||
| 260 |
_aChicago : _bThe Child's World, _c1984. |
||
| 300 | _a29 p. ; cm. | ||
| 440 | _aMy first steps to reading | ||
| 500 | _aTR/PS | ||
| 520 | _athe things little l chooses to put in his box do not wish to stay there - the lambs, lizards, lion, lobster, and leopard all leap out. | ||
| 650 | _aChildrens stories, American. | ||
| 650 | _aAlphabet. | ||
| 999 |
_c113565 _d113565 |
||